Statistics for 50 Biggest Countries - One Minute Sprint

Click here to take the quiz!

General Stats

  • This quiz has been taken 699 times
  • The average score is 22 of 50

Answer Stats

Area (kmĀ²) Country % Correct
17,098,242Russia
99%
9,388,211China
95%
9,147,420United States
95%
9,889,000Canada
94%
8.515.767Brazil
90%
3,287,590India
81%
7,692,024Australia
79%
1,964,375Mexico
78%
2,780,400Argentina
77%
2,717,300Kazakhstan
66%
2,381,740Algeria
66%
2,345,410DR Congo
63%
1,904,556Indonesia
60%
1,219,912South Africa
59%
1,565,000Mongolia
57%
1,285,220Peru
54%
1,648,000Iran
54%
675,417France
50%
1,861,484Sudan
50%
1,197,411Colombia
49%
1,001,450Egypt
49%
1,759,540Libya
47%
2,149,690Saudi Arabia
47%
603,628Ukraine
45%
803,940Pakistan
44%
1,267,000Niger
44%
1,284,000Chad
43%
756,950Chile
42%
780,580Turkey
37%
912,050Venezuela
35%
923,768Nigeria
34%
1,240,000Mali
33%
1,098,580Bolivia
31%
1,127,127Ethiopia
28%
1,246,700Angola
25%
514,000Thailand
20%
945,087Tanzania
19%
1,030,700Mauritania
19%
825,418Namibia
18%
647,500Afghanistan
17%
619,745South Sudan
16%
580,367Kenya
15%
622,984Central African
Republic
14%
678,500Myanmar
12%
801,590Mozambique
11%
637,657Somalia
11%
587,040Madagascar
9%
752,614Zambia
7%
600,370Botswana
7%
527,970Yemen
5%

Score Distribution

Percentile by Number Answered

Percent of People with Each Score

Your Score History

You have not taken this quiz